| 000 | 01196cam a2200349 i 4500 | ||
|---|---|---|---|
| 999 |
_c7696 _d7696 |
||
| 001 | 991060948557706706 | ||
| 003 | OSt | ||
| 005 | 20230330185703.0 | ||
| 008 | 230324e202303 spca |||||| 000 0 cat|c | ||
| 017 |
_aDL B 4833-2023 _bBiblioteca de Catalunya |
||
| 020 | _a9788497667999 | ||
| 040 |
_aES-ViU _bcat _erda _cCDMR |
||
| 041 | 1 |
_acat _hspa |
|
| 080 | _a81'42 | ||
| 100 | 1 | _aYúfera Gómez, Irene, | |
| 245 | 1 | 3 |
_aQui parla i qui calla : _bcomunicació i (des)igualtat entre dones i homes / _cIrene Yúfera (ed.), Estrella Montolio, Elisa Rosado |
| 246 | 3 | 0 | _aComunicació i (des)igualtat entre dones i homes |
| 264 | 1 |
_aVic : _bEumo, _c2023 |
|
| 300 |
_a218 pàgines : _bil·lustracions ; _c22 cm |
||
| 490 | 1 | _aLlengua i comunicació | |
| 504 | _aBibliografia: pàgines 209-218 | ||
| 650 | 7 |
_aAnàlisi del discurs. _2lemac |
|
| 650 | 7 |
_aLlenguatge no sexista. _2lemac |
|
| 650 | 0 |
_aSexisme en el llenguatge _93768 |
|
| 650 | 0 |
_aSexisme en els mitjans de comunicació de massa _93769 |
|
| 700 | 1 | _aMontolío Durán, Estrella, | |
| 700 | 1 | _aRosado, Elisa, | |
| 830 | 0 | _aLlengua i comunicació (Eumo Editorial) | |
| 908 | _aUVic-UCC | ||
| 940 | _aUVic-UCC | ||
| 942 |
_2udc _cMON |
||